Enfermedades de los países cálidos y Parasitología general / (Registro nro. 120515)

Detalles MARC
000 -LEADER
campo de control de longitud fija 00688nam a2200229 i 4500
001 - NÚMERO DE CONTROL
campo de control 120515
003 - IDENTIFICADOR DE NÚMERO DE CONTROL
campo de control ES-MaACL
005 - FECHA Y HORA DE LA ÚLTIMA TRANSACCIÓN
campo de control 20230906191552.0
007 - CAMPO FIJO DE DESCRIPCIÓN FÍSICA--INFORMACIÓN GENERAL
campo de control de longitud fija t|
008 - DATOS DE LONGITUD FIJA--INFORMACIÓN GENERAL
campo de control de longitud fija 070214s1923 sp af r ||||1| spa d
080 ## - NÚMERO DE LA CLASIFICACIÓN DECIMAL UNIVERSAL
Número de la Clasificación Decimal Universal 576.8
080 ## - NÚMERO DE LA CLASIFICACIÓN DECIMAL UNIVERSAL
Número de la Clasificación Decimal Universal 616.9(213)
100 1# - ENTRADA PRINCIPAL--NOMBRE DE PERSONA
Nombre de persona Pittaluga, Gustavo,
Fechas asociadas al nombre 1876-1956
9 (RLIN) 155591
245 10 - MENCIÓN DEL TÍTULO
Título Enfermedades de los países cálidos y Parasitología general /
Mención de responsabilidad, etc. por G. Pittaluga.
246 3# - FORMA VARIANTE DEL TITULO
Título propio/Titulo breve Parasitología general
260 ## - PUBLICACIÓN, DISTRIBUCIÓN, ETC.
Lugar de publicación, distribución, etc. Madrid :
Nombre del editor, distribuidor, etc. Calpe,
Fecha de publicación, distribución, etc. 1923.
300 ## - DESCRIPCIÓN FÍSICA
Extensión 555 p., 9 lám. :
Otras características físicas il. ;
Dimensiones 24 cm.
650 #4 - PUNTO DE ACCESO ADICIONAL DE MATERIA--TÉRMINO DE MATERIA
Término de materia o nombre geográfico como elemento de entrada Parasitología.
9 (RLIN) 147580
650 #4 - PUNTO DE ACCESO ADICIONAL DE MATERIA--TÉRMINO DE MATERIA
Término de materia o nombre geográfico como elemento de entrada Enfermedades tropicales.
9 (RLIN) 155580
852 ## - LOCALIZACIÓN
Ubicación ES-MaACL
Número de control de estantería E-4571
Existencias
Estatus retirado Estado de pérdida Estado de daño No para préstamo Biblioteca de origen Biblioteca actual Ubicación en estantería Fecha de adquisición Fuente de adquisición Total de préstamos Signatura topográfica completa Código de barras Visto por última vez Precio de reemplazo Tipo de ítem Koha
        Biblioteca del Ateneo de Madrid Biblioteca del Ateneo de Madrid Depósito 2 17/01/2008     E-4571 1125618 23/02/2023 23/02/2023 Libro impreso